000
00213 a2200097 4500
001
10974
100
_a
Bolton, G. M.
245
_a
Interviewiny for Selection
260
_a
_b
Nter - Nelson
_c
090
_c
8542
_d
8542
942
_a
NUST-CAE
_c
M
_c
35314
999
_c
246047
_d
246047